مكتبة جامعة عجلون الوطنية

فهرس بحث المكتبة

Normal view MARC view
  • الاستثمارات-السياسة المالية-التقييم الاقتصادي-المؤسسات المالية

Entry Topical Term

Number of records used in: 1

001 - CONTROL NUMBER

  • control field: 63914

003 - CONTROL NUMBER IDENTIFIER

  • control field: JO-AjAnu

005 - DATE AND TIME OF LATEST TRANSACTION

  • control field: 20230606084429.0

008 - FIXED-LENGTH DATA ELEMENTS

  • fixed length control field: 230606|| aca||aabn | a|a d

040 ## - CATALOGING SOURCE

  • Original cataloging agency: JO-AjAnu
  • Transcribing agency: JO-AjAnu

150 ## - HEADING--TOPICAL TERM

  • Topical term or geographic name entry element: الاستثمارات-السياسة المالية-التقييم الاقتصادي-المؤسسات المالية

670 ## - SOURCE DATA FOUND

  • Source citation: Work cat.: (JO-AjAnu)32583: محمد، عجيلة، م.مشارك بكاي احمد، م.مشارك سعيداني محمد السعيد, author 63913, معايير اختيار الاستثمارات والتقييم المالي للمؤسسات: المدخل النظري والتطبيقي موجه لطلبة العلوم الاقتصادية والتجارية وعلوم التسيير نظامLMD